00426nam a2200109 a 450000100100000000500170001000800410002704000250006824500970009326001060019030000200029600003894820201002031431.0130507s1999 dr 000 0 spa d aDO-SdBNPbspacBNPHU00aPanel sobre los procesos de reforma de las administraciones triburarias en América Latina. aSanto Domingo :bSecretaría de Estado de FinanzasbDirección General de Impuesto Internos,c1999. a97 p. ;c22 cm.